Statistieken voor Moderne Landen van het Romeinse Rijk op een Kaart

Klik hier om de quiz te nemen!

Algemene statistieken

  • Deze quiz is 2.718 keer genomen
  • De gemiddelde score is 45 van 50

Antwoorden op de kaart

Antwoorden kleurgecodeerd door een groen-rode schaal op de quizkaart volgens % correct hieronder.
 

Antwoordstatistieken

Land% Correct
België
99%
Frankrijk
99%
Italië
99%
Nederland
99%
Portugal
99%
Spanje
99%
Duitsland
98%
Luxemburg
98%
Turkije
98%
Verenigd Koninkrijk
98%
Zwitserland
98%
Griekenland
97%
Oostenrijk
97%
Egypte
96%
Kroatië
96%
Marokko
96%
Andorra
93%
Bosnië en Herzegovina
93%
Bulgarije
93%
Hongarije
93%
Slovenië
93%
Albanië
92%
Liechtenstein
92%
Malta
92%
Monaco
92%
Roemenië
92%
Vaticaanstad
92%
Algerije
91%
Cyprus
91%
Noord-Macedonië
91%
San Marino
91%
Servië
91%
Israël
90%
Kosovo
90%
Slowakije
90%
Tunesië
89%
Irak
88%
Iran
88%
Libië
88%
Montenegro
88%
Syrië
86%
Oekraïne
83%
Saoedi-Arabië
83%
Georgië
82%
Rusland
82%
Armenië
78%
Jordanië
77%
Libanon
77%
Azerbeidzjan
75%
Koeweit
62%

Scoreverdeling

Percentiel versus Aantal Correcte Antwoorden

Procent van Mensen met Elke Score

Uw Scoregeschiedenis

U heeft deze quiz nog niet genomen